000 00435nam a22001697a 4500
005 20180801154144.0
008 160530b xxu||||| |||| 00| 0 eng d
020 _a0-7069-7939-7
041 _aeng
082 _b5964
_a658.4032
100 _aNair, N.K.
_91488
245 _aPurchasing and Materials Mgt.
260 _aNew Delhi
_bVikas Publishing House (P) Ltd.
_c2004
300 _a331p,
650 _aManagement
_9241
942 _cBK
999 _c2107
_d2106